Arquitectura de computadoras y procesamiento paralelo

Bibliographic Details
Main Authors: Hwang, Kai, Briggs, Fayé A
Format: Section = Libro
Language:Undetermined
Spanish
Published: México McGraw-Hill 1988
Subjects:
LEADER 00521nam a2200193Ia 4500
008 240829s9999 xx 000 0 und d
020 |a 968-422-344-7 
040 |a BIBLIOTECA-RUSB/ 621.38195 H991 
041 |a spa 
082 |a 621.38195 H991 
100 1 |a Hwang, Kai  
100 1 |b  Briggs, Fayé A 
245 1 0 |a Arquitectura de computadoras y procesamiento paralelo 
260 |a México  |b McGraw-Hill  |c 1988 
300 |a 914 p. :il. 
650 7 |a COMPUTADORAS ELECTRONICAS 
942 |c BK  |2 ddc 
991 |a TEXTO 
999 |c 3460